000 01021cam a2200277 i 4500
003 SA-RiAUC
005 20241201144450.0
008 241128s1988 le g b 00010 ara c
040 _aSA-RiAUC
_bara
_cSA-RiAUC
_erda
043 _aa-su---
082 0 4 _a252.5
_qSA-RiAUC
090 _a252.5
_b ا ب ن ر
100 1 _aابن الريف، محمود ياسين
_eمؤلف.
245 1 0 _aرحلة الحج والعمرة /
_cمحمود ياسين.
250 _aالطبعة الأولى.
264 1 _aبيروت ؛
_aدمشق :
_bدار الهجرة،
_c1988
300 _a223 صفحة ؛
_c24 سم
336 _aنص
_btxt
_2rdacontent
_3كتاب
337 _aبدون وسيط
_bn
_2rdamedia
338 _aمجلد
_bnc
_2rdacarrier
504 _aيشتمل على إرجاعات ببليوجرافية.
651 7 _aمكة المكرمة
_xوصف ورحلات
_2aucsh
651 7 _aالمدينة المنورة
_xوصف ورحلات
_2aucsh
942 _2ddc
_cBOOK
_n0
949 _aSA-JeALM
_d241128
_uosman123
_n1
999 _c2904
_d2904